000 00738nam a2200205 i 4500
001 170498
003 ES-MaACL
005 20230906214404.0
008 090310s1911 fr |||| | fre d
080 _a929 Meyerbeer
100 1 _aCurzon, Henri de.
_942258
245 1 0 _aMeyerbeer
_b: biographie critique, illustrée de douze reproductions hors texte /
_cpar Henri de Curzon.
260 _aParis :
_bHenri Laurens,
_c[1911] (
_fCh. Hérissey)
300 _a126, [2] p. :
_bil. ;
_c21 cm.
490 1 _aLes musiciens célèbres
600 1 4 _aMeyerbeer, Giacomo.
_980809
830 0 _aLes musiciens célèbres
_9184866
852 4 _aES-MaACL
_jE-12503
_9R.140116
_z. - Biblioteca Jacinto Martínez Lacalle
999 _c170498
_d170498